[Event "Wch Blitz 9th"]
[Site "Berlin"]
[Date "2015.10.13"]
[Round "7"]
[White "Swiercz, Dariusz"]
[Black "Anton Guijarro, David"]
[Result "1-0"]
[WhiteElo "2620"]
[BlackElo "2634"]
[PlyCount "85"]
[EventDate "2015.10.13"]
[EventType "swiss (blitz)"]
[EventRounds "21"]
[EventCountry "GER"]
[SourceTitle "CBM 168 Extra"]
[Source "ChessBase"]
[SourceDate "2015.10.29"]
[SourceVersion "1"]
[SourceVersionDate "2015.10.29"]
[SourceQuality "1"]

1. Nf3 b6 2. g3 Bb7 3. Bg2 Nf6 4. O-O g6 5. d3 Bg7 6. e4 O-O 7. Nc3 ({RR} 7. e5 Ne8 8. Qe2 d6 9. e6 f5 10. Nc3 c5 11. Re1 Nf6 12. Bg5 Nc6 13. Rad1 Rc8 14. Qd2 Nb4 15. a3 Nbd5 16. Ne2 b5 17. Nh4 Qb6 18. Bh6 Nc7 19. Bxg7 Kxg7 20. Nf4 Bxg2 21. Nhxg2 Ncd5 {Inarkiev,E (2660)-Zvjaginsev,V (2660) Berlin 2015 1-0 (38)}) ({RR} 7. Nbd2 c5 8. Qe2 d6 9. c3 Nbd7 10. Rd1 e6 11. Nf1 Qe7 12. h4 h6 13. Be3 c4 14. dxc4 Nxe4 15. Nd4 Ne5 16. Bf4 Nc5 17. Bxe5 dxe5 18. Nb5 Bxg2 19. Kxg2 a6 20. Nd6 Rad8 21. Ne4 Qb7 {Prokhorov,A (2258)-Kucuksari,K (2440) chess.com INT 2025 0-1 (34)}) 7... e6 8. e5 $146 ({RR} 8. Re1 d6 9. h3 Nbd7 10. Be3 c5 11. Qd2 Re8 12. Bh6 Bh8 13. Nh4 a6 14. a4 Qc7 15. f4 Bc6 16. Kh2 b5 17. axb5 axb5 18. Ne2 Qb7 19. c3 Rxa1 20. Rxa1 Ra8 21. Rf1 Ra2 22. f5 Ne5 {Hein,R (2053)-Kersten,U (2252) Playchess.com INT 2020 1-0 (40)}) ({RR} 8. Re1 d6 9. h3 Nbd7 10. Be3 c5 11. Qd2 Re8 12. Bh6 Bh8 13. Nh4 a6 14. a4 Qc7 15. f4 Bc6 16. Kh2 b5 17. axb5 axb5 18. Ne2 Qb7 19. c3 Rxa1 20. Rxa1 Ra8 21. Rf1 Ra2 22. f5 Ne5 {Hein,R (2053)-Kersten,U (2252) Playchess.com INT 2020 1-0 (40)}) 8... Nd5 9. Ne4 f5 10. exf6 Nxf6 11. Re1 Nxe4 12. dxe4 Nc6 13. c3 Qe7 14. Bf4 d6 15. e5 d5 16. Qd2 Na5 17. b3 c5 18. h4 Nc6 19. Nh2 d4 20. c4 Nb4 21. Bg5 Qc7 22. Bxb7 Qxb7 23. a3 Nc6 24. Ng4 Rf3 25. b4 Raf8 26. Bf6 h5 27. Bxg7 Qxg7 28. Nf6+ Kh8 29. Qe2 Rf5 30. f4 Ne7 31. bxc5 bxc5 32. Rab1 Ng8 33. Ne4 Qe7 34. Rb3 Nh6 35. Reb1 R5f7 36. Ng5 Rg7 37. Qe4 Nf5 38. Rb7 Nxg3 39. Qg2 Ne2+ 40. Qxe2 Qxb7 41. Rxb7 Rxb7 42. Qe4 Rg7 43. Nxe6 1-0

[Event "Wch Blitz 9th"]
[Site "Berlin"]
[Date "2015.10.13"]
[Round "8"]
[White "Edouard, Romain"]
[Black "Volokitin, Andrei"]
[Result "1-0"]
[WhiteElo "2636"]
[BlackElo "2639"]
[PlyCount "94"]
[EventDate "2015.10.13"]
[EventType "swiss (blitz)"]
[EventRounds "21"]
[EventCountry "GER"]
[SourceTitle "CBM 168 Extra"]
[Source "ChessBase"]
[SourceDate "2015.10.29"]
[SourceVersion "1"]
[SourceVersionDate "2015.10.29"]
[SourceQuality "1"]

1. Nf3 c5 2. b3 g6 3. Bb2 Nf6 4. e4 Bg7 ({RR} 4... d6 5. Bb5+ Nbd7 6. Bxf6 exf6 7. O-O Bg7 8. d4 O-O 9. Nc3 Nb6 10. h3 a6 11. Be2 f5 12. Re1 cxd4 13. Na4 Nxa4 14. bxa4 fxe4 15. Nxd4 Qa5 16. Bf1 Qxa4 17. c4 Qxd1 18. Raxd1 f5 19. Nb3 {Nakamura,H (2804)-Chigaev,M (2636) chess.com INT 2025 1-0 (42)}) 5. Bd3 O-O $146 ({RR} 5... Nc6 6. O-O O-O 7. Re1 d5 8. exd5 Nxd5 9. Bxg7 Kxg7 10. Bb5 Nd4 11. Nxd4 cxd4 12. Qe2 e6 13. c3 Qf6 14. cxd4 a6 15. Bc4 Nb4 16. Qe4 Rd8 17. Nc3 Rxd4 18. Qb1 Rd8 19. Re3 b5 20. Be2 {Stefanova,A (2515)-Hamitevici,V (2446) England 2015 ½-½ (41)}) 6. Nc3 Nc6 7. O-O Nb4 8. Qe2 d6 9. h3 Nh5 10. Qe3 Nxd3 11. Qxd3 Nf4 12. Qe3 e5 13. Ne2 f5 14. d3 Ne6 15. c3 f4 16. Qd2 Ng5 17. Nxg5 Qxg5 18. Kh2 Qh4 19. f3 g5 20. Kg1 h5 21. Qe1 Qxe1 22. Rfxe1 g4 23. Kh2 Kf7 24. d4 Bf6 25. Rad1 Be6 26. dxe5 dxe5 27. c4 Rg8 28. Rd6 Rg7 29. Rf1 Rag8 30. fxg4 hxg4 31. Nxf4 exf4 32. Rxf4 Ke7 33. Rxe6+ Kxe6 34. Rxf6+ Kd7 35. Rf5 g3+ 36. Kg1 Re7 37. e5 Rgg7 38. Rf3 Ref7 39. e6+ Kxe6 40. Bxg7 Rxg7 41. Kf1 Ke5 42. Ke2 Ke4 43. h4 Rg4 44. h5 Rh4 45. Rxg3 Rxh5 46. Rg7 b6 47. Rxa7 Kd4 1-0

[Event "Wch Blitz 9th"]
[Site "Berlin"]
[Date "2015.10.13"]
[Round "9"]
[White "Anton Guijarro, David"]
[Black "Svane, Rasmus"]
[Result "1-0"]
[WhiteElo "2634"]
[BlackElo "2543"]
[PlyCount "119"]
[EventDate "2015.10.13"]
[EventType "swiss (blitz)"]
[EventRounds "21"]
[EventCountry "GER"]
[SourceTitle "CBM 168 Extra"]
[Source "ChessBase"]
[SourceDate "2015.10.29"]
[SourceVersion "1"]
[SourceVersionDate "2015.10.29"]
[SourceQuality "1"]

1. Nf3 d5 2. b3 Nf6 3. Bb2 Bf5 4. Nh4 Bd7 5. e3 ({RR} 5. c4 e6 6. Nf3 c5 7. cxd5 exd5 8. e3 Nc6 9. Be2 Bd6 10. O-O O-O 11. d4 Rc8 12. dxc5 Bxc5 13. Nc3 Bg4 14. Rc1 Bd6 15. h3 Bh5 16. Nh4 Bg6 17. Nxg6 hxg6 18. Bf3 d4 19. Nb5 Bb8 {Nakamura,H (2802)-Erigaisi,A (2777) chess.com INT 2025 1-0 (70)}) 5... c6 $146 ({RR} 5... c5 6. c4 e6 7. Nf3 Nc6 8. Be2 Be7 9. O-O O-O 10. cxd5 Nxd5 11. Nc3 Nxc3 12. dxc3 Qc7 13. Qc2 Rad8 14. c4 Nb4 15. Qb1 Bc8 16. a3 Nc6 17. h4 f5 18. Rd1 e5 19. Qc2 e4 20. Ng5 {Bartel,M (2616)-Grabarczyk,M (2371) Bydgoszcz 2022 ½-½ (46)}) ({RR} 5... g6 6. c4 dxc4 7. Bxc4 Bg7 8. O-O c5 9. Nf3 Nc6 10. d4 cxd4 11. Nxd4 O-O 12. Nd2 Qa5 13. a3 Rac8 14. b4 Qc7 15. Rc1 Qb8 16. N4f3 Bg4 17. h3 Bxf3 18. Nxf3 a6 19. Qb3 e6 20. Ng5 {Wei Yi (2751)-Svane,R (2624) chess.com INT 2025 1-0 (41)}) ({RR} 5... c5 6. c4 e6 7. Be2 Be7 8. O-O O-O 9. Nf3 Nc6 10. d4 cxd4 11. exd4 Rc8 12. Nbd2 dxc4 13. bxc4 Re8 14. Nb3 Bf8 15. Qd2 Ne7 16. Ne5 g6 17. Bf3 b6 18. Rfe1 Bg7 19. Rad1 b5 20. Nxd7 {Carlsen,M (2830)-Duda,J (2732) chess.com INT 2024 1-0 (59)}) 6. Nf3 Bf5 7. Nh4 Bg4 8. Be2 Bxe2 9. Qxe2 Nbd7 10. f4 e6 11. Nf3 Be7 12. O-O O-O 13. d3 a5 14. a3 a4 15. b4 c5 16. b5 Qc7 17. c4 dxc4 18. dxc4 Ne4 19. Qc2 f5 20. Nc3 Ndf6 21. Rad1 Nxc3 22. Bxc3 Ne4 23. Be5 Bd6 24. Bxd6 Nxd6 25. Rd3 Ne4 26. Rfd1 Rfd8 27. Ne5 Nf6 28. h3 h6 29. Rxd8+ Rxd8 30. Qxa4 Kh7 31. Kh2 Ne4 32. Qc2 Rxd1 33. Qxd1 Qa5 34. Qh5 Qe1 35. Qg6+ Kh8 36. Nf7+ Kg8 37. Nxh6+ Kh8 38. Nf7+ Kg8 39. Nd6 Nxd6 40. Qxe6+ Kh7 41. Qxd6 Qxe3 42. a4 Qe4 43. Qe5 Qxc4 44. Qxf5+ Kh6 45. h4 g6 46. Qg5+ Kh7 47. h5 gxh5 48. Qxh5+ Kg7 49. Qe5+ Kf7 50. Kg3 Qb3+ 51. Kh4 Qxa4 52. Kg5 Qc4 53. Qc7+ Ke6 54. Qb6+ Kd5 55. Qxb7+ Kd4 56. Qd7+ Kc3 57. b6 Qg8+ 58. Kh4 Qxg2 59. b7 Qh2+ 60. Qh3+ 1-0

[Event "Wch Blitz 9th"]
[Site "Berlin"]
[Date "2015.10.13"]
[Round "9"]
[White "Ehlvest, Jaan"]
[Black "Tari, Aryan"]
[Result "1-0"]
[WhiteElo "2535"]
[BlackElo "2521"]
[PlyCount "85"]
[EventDate "2015.10.13"]
[EventType "swiss (blitz)"]
[EventRounds "21"]
[EventCountry "GER"]
[SourceTitle "CBM 168 Extra"]
[Source "ChessBase"]
[SourceDate "2015.10.29"]
[SourceVersion "1"]
[SourceVersionDate "2015.10.29"]
[SourceQuality "1"]

1. Nf3 d5 2. c4 d4 3. b4 Bg4 4. g3 Bxf3 5. exf3 Nf6 $146 ({RR} 5... e5 6. b5 Nd7 7. Bg2 Nc5 8. O-O Bd6 9. f4 exf4 10. Bb2 Qf6 11. d3 Ne7 12. Nd2 Rb8 13. Nf3 Ne6 14. Nd2 Nc5 15. Nf3 Ne6 16. Nd2 {½-½ (16) Efimenko,Z (2637)-Adly,A (2631) Konya 2018}) ({RR} 5... e6 6. Qb3 a5 7. b5 Nd7 8. Bg2 Nc5 9. Qc2 h5 10. d3 h4 11. f4 Nh6 12. Nd2 a4 13. Ba3 Ra7 14. Rb1 Be7 15. Ne4 Nxe4 16. Bxe7 Qxe7 17. Bxe4 O-O 18. b6 cxb6 19. Rxb6 Ng4 20. O-O {Caruana,F (2807)-Anand,V (2783) Saint Louis 2017 ½-½ (40)}) ({RR} 5... e5 6. b5 Nf6 7. Bg2 Nbd7 8. O-O Bd6 9. d3 O-O 10. f4 exf4 11. Bxb7 Rb8 12. Bg2 Re8 13. a4 h5 14. Nd2 h4 15. gxh4 Ne5 16. Nf3 Ng6 17. Bh3 Nh7 18. h5 Nh4 19. Nxh4 Qxh4 20. Qg4 {Mekhitarian,K (2564)-Tregubov,P (2555) chess.com INT 2025 1-0 (37)}) ({RR} 5... e6 6. b5 c6 7. Bg2 Bc5 8. O-O Ne7 9. f4 O-O 10. d3 Nd7 11. a4 a5 12. Nd2 Bb4 13. Nf3 Bc3 14. Ra2 Qc7 15. h4 h5 16. Ne5 Nxe5 17. fxe5 Qxe5 18. Bg5 f6 19. Bf4 Qf5 20. Bd6 {Stalmach,R (2446)-Navara,D (2678) Ostrava CZE 2024 1-0 (45)}) 6. f4 e6 7. Bg2 c6 8. a3 a5 9. b5 Qc7 10. O-O Nbd7 11. Bb2 Bc5 12. d3 O-O 13. Nd2 a4 14. Qf3 Rfc8 15. Rfe1 Qd6 16. f5 Ne5 17. Qe2 Neg4 18. h3 Nh6 19. fxe6 Re8 20. exf7+ Nxf7 21. Qf1 Ne5 22. f4 Nf7 23. Ne4 Nxe4 24. Rxe4 cxb5 25. cxb5 Rxe4 26. Bxe4 Re8 27. Kg2 b6 28. Qc1 Qe6 29. Qc2 Nd6 30. Re1 Nf5 31. Qxa4 Ne3+ 32. Kh2 Qa2 33. Re2 Rxe4 34. Qa8+ Kf7 35. Qxe4 Bxa3 36. Qxd4 Bc5 37. Qxg7+ Ke6 38. Qe5+ Kd7 39. f5 Qb1 40. Qe6+ Kc7 41. Be5+ Kb7 42. Qf7+ Ka8 43. Ra2+ 1-0

[Event "Wch Blitz 9th"]
[Site "Berlin"]
[Date "2015.10.13"]
[Round "9"]
[White "Huzman, Alexander"]
[Black "Rublevsky, Sergei"]
[Result "1-0"]
[WhiteElo "2580"]
[BlackElo "2702"]
[PlyCount "115"]
[EventDate "2015.10.13"]
[EventType "swiss (blitz)"]
[EventRounds "21"]
[EventCountry "GER"]
[SourceTitle "CBM 168 Extra"]
[Source "ChessBase"]
[SourceDate "2015.10.29"]
[SourceVersion "1"]
[SourceVersionDate "2015.10.29"]
[SourceQuality "1"]

1. Nf3 d5 2. b3 Nf6 3. Bb2 Bg4 4. e3 e6 5. Be2 c5 6. c4 ({RR} 6. O-O Bd6 7. c4 dxc4 8. Bxc4 Nc6 9. h3 Bh5 10. Nc3 O-O 11. Be2 e5 12. Nxe5 Bxe5 13. Bxh5 Nxh5 14. Qxh5 Qxd2 15. Rab1 Bxc3 16. Rfd1 Qc2 17. Qxc5 Rfd8 18. Rdc1 Qxb2 19. Rxb2 Bxb2 20. Rb1 Bf6 {Pulpan,J (2408)-Navara,D (2707) Prague 2019 0-1}) ({RR} 6. O-O Nc6 7. d4 cxd4 8. Nxd4 Bxe2 9. Qxe2 Nxd4 10. Bxd4 Bd6 11. Nd2 O-O 12. c4 Bb4 13. Nf3 Ne4 14. Rfd1 Qe7 15. cxd5 exd5 16. Rac1 Rac8 17. Qb5 Bc5 18. Bxc5 Rxc5 19. Rxc5 Qxc5 20. Qxc5 Nxc5 {Jagodzinski,P (2206)-Shton,R (2048) chess.com INT 2025 1-0 (52)}) 6... Nc6 7. O-O $146 ({RR} 7. cxd5 exd5 8. O-O Be7 9. d3 O-O 10. Nbd2 a6 11. Rc1 Re8 12. Re1 Rc8 13. Qc2 Nb4 14. Qb1 b5 15. a3 Nc6 16. Nf1 Bd6 17. Ng3 Qd7 18. Bxf6 gxf6 19. Qb2 Ne5 20. Nh4 Bxe2 21. Qxe2 Ng6 {Buscar,M (2088)-Bashirli,S (1320) Chess.com INT 2021 1-0 (40)}) ({RR} 7. cxd5 exd5 8. O-O Be7 9. d3 O-O 10. Nbd2 a6 11. Rc1 Re8 12. Re1 Rc8 13. Qc2 Nb4 14. Qb1 b5 15. a3 Nc6 16. Nf1 Bd6 17. Ng3 Qd7 18. Bxf6 gxf6 19. Qb2 Ne5 20. Nh4 Bxe2 21. Qxe2 Ng6 {Buscar,M (2088)-Bashirli,S (1320) Chess.com INT 2021 1-0 (40)}) 7... dxc4 8. bxc4 Be7 9. h3 Bh5 10. Ne5 Bxe2 11. Qxe2 Nxe5 12. Bxe5 O-O 13. Nc3 Nd7 14. Bg3 Bf6 15. Rfc1 Be5 16. Qf3 Qc7 17. Rab1 b6 18. Bxe5 Nxe5 19. Qg3 Qb8 20. Nb5 Nd3 21. Qxb8 Rfxb8 22. Rc3 Rd8 23. Kf1 Rd7 24. Ke2 Rad8 25. f4 a6 26. Na3 Nb4 27. Rb2 g6 28. Nb1 Rb8 29. Rcb3 Rdb7 30. Nc3 Kg7 31. a3 Nc6 32. Na4 Na5 33. Rxb6 Rxb6 34. Rxb6 Rxb6 35. Nxb6 Kf6 36. Nd7+ Ke7 37. Nxc5 Nxc4 38. a4 a5 39. Kd3 Nb6 40. Kc2 Kd6 41. Nb7+ Kc7 42. Nxa5 Nxa4 43. Nc4 f6 44. d4 Kc6 45. Kb3 Kb5 46. Nd6+ Ka5 47. Ne8 f5 48. Nf6 Nb6 49. Nxh7 Nd5 50. Nf8 Nxe3 51. Nxe6 Nxg2 52. Kc4 Kb6 53. d5 g5 54. fxg5 f4 55. g6 f3 56. Kd3 Ne1+ 57. Ke3 Ng2+ 58. Kf2 1-0

[Event "Wch Blitz 9th"]
[Site "Berlin"]
[Date "2015.10.13"]
[Round "10"]
[White "Bacrot, Etienne"]
[Black "Sethuraman, SP."]
[Result "1-0"]
[WhiteElo "2697"]
[BlackElo "2640"]
[PlyCount "95"]
[EventDate "2015.10.13"]
[EventType "swiss (blitz)"]
[EventRounds "21"]
[EventCountry "GER"]
[SourceTitle "CBM 168 Extra"]
[Source "ChessBase"]
[SourceDate "2015.10.29"]
[SourceVersion "1"]
[SourceVersionDate "2015.10.29"]
[SourceQuality "1"]

1. Nf3 {Besenthal,Klaus Guenter} d5 2. c4 d4 3. b4 f6 4. Na3 e5 5. Nc2 c5 6. bxc5 Nc6 7. d3 Bxc5 8. g3 Nge7 9. Bg2 O-O 10. Rb1 ({RR} 10. O-O Be6 11. Nd2 f5 12. Rb1 b6 13. Ba3 Bxa3 14. Nxa3 Rc8 15. Qa4 Qd7 16. Nb5 a5 17. Qa3 Nb4 18. Nf3 Ng6 19. Ng5 Kh8 20. Nxe6 Qxe6 21. Qb2 f4 22. Na3 Rf6 23. Nc2 Nxc2 24. Qxc2 h5 {Aronian,L (2792)-Caruana,F (2804) Paris 2016 CBM 173 [Besenthal,Klaus Guenter] 1-0 (60)}) ({RR} 10. O-O b6 11. Nd2 Bb7 12. Ne4 Qc7 13. Rb1 Rab8 14. Nxc5 bxc5 15. Ba3 Nd8 16. Bxb7 Rxb7 17. Rxb7 Nxb7 18. Qd2 Nd8 19. Rb1 Ne6 20. Rb3 f5 21. e3 Ng5 22. Ne1 f4 23. e4 fxg3 24. fxg3 Nh3+ {Todorovic,G (2256)-Guliyev,N (2484) Skopje MKD 2024 0-1 (42)}) 10... h6 $146 ({RR} 10... Qc7 11. Nd2 Ng6 12. O-O Be6 13. Nb3 Bd6 14. e3 dxe3 15. Nxe3 Rad8 16. Qe2 b6 17. Bb2 Qd7 18. Rfd1 Rfe8 19. Qf3 Rc8 20. Qh5 Bc5 21. Nxc5 bxc5 22. Be4 Nce7 23. Bg2 Nf5 24. Nxf5 Bxf5 25. h3 {Andersen,M (2459)-Beinoras,M (2344) London 2015 ½-½ (33)}) 11. O-O f5 12. Rb5 Qd6 13. Rxc5 Qxc5 14. Ba3 Qa5 15. Qb1 Re8 16. Qb5 Ng6 17. Qb3 Kh7 18. h4 Qc7 19. Rb1 Rb8 20. Qb5 Be6 21. e3 a6 22. Qb2 b5 23. h5 Nf8 24. cxb5 Rxb5 25. Qa1 Rxb1+ 26. Qxb1 dxe3 27. Nxe3 Rb8 28. Qc2 Rc8 29. Bxf8 Rxf8 30. d4 Qd6 31. d5 Nb4 32. Qd2 Nxd5 33. Nh4 Qb4 34. Qe2 Nxe3 35. Qxe3 Qd4 36. Qa3 Rb8 37. Qe7 Qd7 38. Qc5 Rb5 39. Qf8 Qc8 40. Qe7 Qd7 41. Qf8 Qf7 42. Ng6 Qg8 43. Qd6 Rb8 44. Qxa6 Re8 45. Nxe5 Bxa2 46. Qg6+ Kh8 47. Qxf5 Be6 48. Ng6+ 1-0

[Event "Wch Blitz 9th"]
[Site "Berlin"]
[Date "2015.10.13"]
[Round "10"]
[White "Sanal, Vahap"]
[Black "Ernst, Sipke"]
[Result "1-0"]
[WhiteElo "2501"]
[BlackElo "2527"]
[PlyCount "65"]
[EventDate "2015.10.13"]
[EventType "swiss (blitz)"]
[EventRounds "21"]
[EventCountry "GER"]
[SourceTitle "CBM 168 Extra"]
[Source "ChessBase"]
[SourceDate "2015.10.29"]
[SourceVersion "1"]
[SourceVersionDate "2015.10.29"]
[SourceQuality "1"]

1. Nf3 {Hecht,Hans Joachim} d5 2. g3 c6 3. Bg2 Bg4 4. d3 Nd7 5. O-O e5 6. Nbd2 Ngf6 7. h3 Bh5 8. g4 ({RR} 8. b3 Bd6 9. Nh4 O-O 10. Nf5 Bc5 11. Bb2 Re8 12. Qe1 Qc7 13. e4 dxe4 14. dxe4 Bf8 15. a4 b5 16. Qe3 Nc5 17. Rfe1 a5 18. Bf3 Bxf3 19. Qxf3 Nfd7 20. axb5 cxb5 21. c4 Reb8 22. cxb5 Rxb5) 8... Bg6 9. Nh4 Be7 ({RR} 9... Bc5 10. c4 ({RR} 10. Nxg6 hxg6 11. e3 Qe7 12. b3 a5 13. Bb2 a4 14. Rb1 axb3 15. axb3 Nh7 16. d4 Bd6 17. dxe5 Bxe5 18. Bxe5 Qxe5 19. Re1 O-O-O 20. Nf3 Qc3 21. b4 Qf6 22. b5 Kc7 23. bxc6 bxc6 24. c4 Nb6) 10... dxc4 11. Nxc4 Nxg4 12. Nxg6 Nxf2 13. Rxf2 Bxf2+ 14. Kxf2 hxg6 15. Qb3 Nb6 16. Be3 Nxc4 17. dxc4 Qe7 18. Qc3 O-O 19. b4 Rfe8 20. a4 f5 21. Kg1 f4 22. Bf2 e4 23. a5 Rad8 24. Bd4) ({RR} 9... Bd6 10. e3 Nf8 11. f4 N6d7 12. Qe1 f6 13. e4 d4 14. Nc4 Bc7 15. Nf5 Bxf5 16. exf5 Qe7 17. a4 exf4 18. Bxf4 Bxf4 19. Rxf4 Ne5 20. Rxd4 Nfd7 21. Nd6+ Kf8 22. a5 h5 23. Nxb7 hxg4 24. hxg4 {Caruana,F (2791)-Movsesian,S (2672) Dubai 2014 1-0 (37)}) ({RR} 9... Bc5 10. e3 O-O 11. Nb3 Bb6 12. a4 a5 13. Nxg6 fxg6 14. Nd2 g5 15. c4 h6 16. cxd5 cxd5 17. Qb3 Nc5 18. Qb5 Qd6 19. Nb3 Ne6 20. Nd2 Rac8 21. Nf3 e4 22. dxe4 Nxe4 23. Rd1 Rc5 24. Qd3 {Padmini,R (2328)-Gunina,V (2425) FIDE Online Arena INT 2024 1-0 (36)}) ({RR} 9... Bd6 10. e3 Qc7 11. b3 O-O-O 12. Bb2 h6 13. Nxg6 fxg6 14. Qe2 g5 15. c4 d4 16. Ne4 Nxe4 17. Bxe4 Nf6 18. Bg2 Kb8 19. Rfc1 e4 20. exd4 exd3 21. Qxd3 h5 22. gxh5 g4 23. d5 Be5 24. Bxe5 {Sanal,V (2593)-Bazeev,G (2385) Chess.com INT 2022 1-0 (47)}) 10. e3 Qb6 11. Qe2 Nc5 $146 ({RR} 11... Nf8 12. Nb3 N6d7 13. Nxg6 Nxg6 14. c4 dxc4 15. dxc4 h5 16. Bd2 Qc7 17. f3 Nh4 18. Bh1 e4 19. f4 hxg4 20. hxg4 f5 21. Nd4 g6 22. Bc3 Rh7 23. b4 c5 24. Nb5 Qb6 25. Rfd1 a6 26. Qd2 {Neiman,E (2315)-Prie,E (2465) Narbonne 1997 CBM 061 [Hecht,Hans Joachim] 1-0 (55)}) 12. b3 Nfd7 13. Nxg6 hxg6 14. c4 Ne6 15. cxd5 cxd5 16. Bxd5 Rxh3 17. Kg2 Rh4 18. Nc4 Qc5 19. Bxb7 Nf6 20. Rh1 Rxh1 21. Kxh1 Rb8 22. Bf3 e4 23. dxe4 Ng5 24. e5 Nfe4 25. Bb2 Kd7 26. Rd1+ Ke6 27. Kg2 Rh8 28. Ba3 Qc6 29. Na5 Qc7 30. Qa6+ Bd6 31. exd6 Qc2 32. d7+ Ke5 33. Nc4+ 1-0

[Event "Wch Blitz 9th"]
[Site "Berlin"]
[Date "2015.10.13"]
[Round "10"]
[White "Vachier Lagrave, Maxime"]
[Black "Aronian, Levon"]
[Result "1-0"]
[WhiteElo "2758"]
[BlackElo "2784"]
[PlyCount "99"]
[EventDate "2015.10.13"]
[EventType "swiss (blitz)"]
[EventRounds "21"]
[EventCountry "GER"]
[SourceTitle "CBM 168 Extra"]
[Source "ChessBase"]
[SourceDate "2015.10.29"]
[SourceVersion "1"]
[SourceVersionDate "2015.10.29"]
[SourceQuality "1"]

1. Nf3 d5 2. g3 Nf6 3. Bg2 e6 4. O-O Be7 5. d3 O-O 6. Nbd2 Nc6 7. e4 dxe4 8. Nxe4 Nxe4 9. dxe4 Qxd1 10. Rxd1 e5 11. c3 f6 12. Bf1 Be6 13. Be3 Rfd8 $146 ({RR} 13... a6 14. Nd2 Rad8 15. Bc4 Kf7 16. Bxe6+ Kxe6 17. Nb3 b6 18. Kf1 h5 19. Ke2 a5 20. a4 Rd6 21. Nd2 Rfd8 22. Nc4 Rxd1 23. Rxd1 Rxd1 24. Kxd1 Nd8 25. b3 Nb7 26. f3 g5 27. h3 Bc5 28. Bd2 {Doluhanova,E (2275)-Colas,J (2342) chess.com INT 2023 1-0 (41)}) ({RR} 13... a6 14. Nd2 Rad8 15. Bc4 Kf7 16. Bxe6+ Kxe6 17. Nb3 b6 18. Kf1 h5 19. Ke2 a5 20. a4 Rd6 21. Nd2 Rfd8 22. Nc4 Rxd1 23. Rxd1 Rxd1 24. Kxd1 Nd8 25. b3 Nb7 26. f3 g5 27. h3 Bc5 28. Bd2 {Doluhanova,E (2275)-Colas,J (2342) chess.com INT 2023 1-0 (41)}) 14. Nd2 Kf7 15. f3 a6 16. Kf2 Rd7 17. Nb3 Rxd1 18. Rxd1 Rd8 19. Rxd8 Nxd8 20. Ke1 Ke8 21. Kd2 Kd7 22. Kc2 Ke8 23. Nc5 Bc8 24. Bc4 a5 25. b4 b6 26. Nd3 axb4 27. cxb4 Be6 28. Bxe6 Nxe6 29. a4 Kd7 30. Kc3 Nd8 31. Kc4 Kc6 32. a5 Kb7 33. axb6 cxb6 34. Kd5 Kc7 35. b5 Ba3 36. f4 exf4 37. gxf4 Nf7 38. e5 Nh6 39. exf6 gxf6 40. Bd4 f5 41. Ke6 Ng4 42. h3 Nh2 43. Ne5 Nf1 44. Nc4 Bc1 45. Bxb6+ Kb7 46. Kxf5 Ng3+ 47. Ke5 Nh5 48. Be3 Bxe3 49. Nxe3 Kb6 50. f5 1-0

[Event "Wch Blitz 9th"]
[Site "Berlin"]
[Date "2015.10.13"]
[Round "11"]
[White "Edouard, Romain"]
[Black "Moiseenko, Alexander"]
[Result "1-0"]
[WhiteElo "2636"]
[BlackElo "2692"]
[PlyCount "97"]
[EventDate "2015.10.13"]
[EventType "swiss (blitz)"]
[EventRounds "21"]
[EventCountry "GER"]
[SourceTitle "CBM 168 Extra"]
[Source "ChessBase"]
[SourceDate "2015.10.29"]
[SourceVersion "1"]
[SourceVersionDate "2015.10.29"]
[SourceQuality "1"]

1. Nf3 c5 2. b3 d6 3. Bb2 e5 4. e3 Nf6 5. c4 ({RR} 5. d4 cxd4 6. exd4 e4 7. Nfd2 d5 8. c4 Bb4 9. Nc3 O-O 10. Be2 Re8 11. O-O Nc6 12. Nxd5 Nxd5 13. cxd5 Qxd5 14. Nc4 Qg5 15. Bc1 Qg6 16. Bh5 Qf6 17. Bb2 Qg5 18. Kh1 Be6 19. Bc1 Qd5 {Nakamura,H (2736)-Fedoseev,V (2676) Chess.com INT 2020 ½-½ (71)}) ({RR} 5. d4 cxd4 6. exd4 e4 7. Nfd2 d5 8. c4 Nc6 9. Be2 Bd6 10. O-O h5 11. h3 Rh6 12. cxd5 Bxh3 13. dxc6 Bxg2 14. f4 Rg6 15. Rf2 Bf3+ 16. Kf1 Ng4 17. Bxf3 Ne3+ 18. Ke2 Nxd1 19. Bxe4 Nxf2 {Yadegar,R (2401)-Firouzja,A (2760) chess.com INT 2025 0-1}) 5... g6 $146 ({RR} 5... e4 6. Ng1 Be7 7. Nc3 O-O 8. Qc2 Nc6 9. Nxe4 Nxe4 10. Qxe4 Bf6 11. Qb1 g6 12. Bd3 Nb4 13. Bc3 d5 14. cxd5 Qxd5 15. Be4 Qe6 16. a3 Nd5 17. Bxf6 Nxf6 18. Bf3 Qe5 19. Ne2 Rd8 20. Ra2 {Juan Bartroli,M (2102)-Martin Gonzalez,A (2213) Barcelona ESP 2023 ½-½ (40)}) ({RR} 5... e4 6. Ng1 Be7 7. Nc3 O-O 8. Qc2 Nc6 9. Nxe4 Nxe4 10. Qxe4 Bf6 11. Qb1 g6 12. Bd3 Nb4 13. Bc3 d5 14. cxd5 Qxd5 15. Be4 Qe6 16. a3 Nd5 17. Bxf6 Nxf6 18. Bf3 Qe5 19. Ne2 Rd8 20. Ra2 {Juan Bartroli,M (2102)-Martin Gonzalez,A (2213) Barcelona ESP 2023 ½-½ (40)}) 6. d3 Bg7 7. Be2 O-O 8. O-O Nc6 9. Nc3 Re8 10. Nd2 Be6 11. a3 d5 12. cxd5 Nxd5 13. Rc1 Nxc3 14. Bxc3 Qe7 15. Qc2 Rac8 16. Qb1 Bd5 17. Rfe1 a5 18. Nc4 Qc7 19. a4 b6 20. Qb2 Rcd8 21. Rcd1 Qb7 22. Bf1 h6 23. Nd2 Kh7 24. Qc2 Nb4 25. Bxb4 axb4 26. Nc4 e4 27. dxe4 Bxe4 28. Qc1 Bd5 29. Rd3 Qc7 30. Red1 Be4 31. Rd6 Rxd6 32. Nxd6 Re7 33. Nxe4 Rxe4 34. Qd2 Re7 35. Qd5 Qe5 36. Bc4 Qxd5 37. Rxd5 Be5 38. Rd8 Kg7 39. Kf1 Bc7 40. Rc8 Kf6 41. Ke2 h5 42. h4 Rd7 43. g3 Ke7 44. f4 Bd6 45. e4 Bc7 46. Bb5 Bd8 47. Bxd7 Kxd7 48. Ra8 Kc7 49. Ra7+ 1-0

[Event "Wch Blitz 9th"]
[Site "Berlin"]
[Date "2015.10.13"]
[Round "11"]
[White "Piorun, Kacper"]
[Black "Dlugy, Maxim"]
[Result "1-0"]
[WhiteElo "2609"]
[BlackElo "2518"]
[PlyCount "89"]
[EventDate "2015.10.13"]
[EventType "swiss (blitz)"]
[EventRounds "21"]
[EventCountry "GER"]
[SourceTitle "CBM 168 Extra"]
[Source "ChessBase"]
[SourceDate "2015.10.29"]
[SourceVersion "1"]
[SourceVersionDate "2015.10.29"]
[SourceQuality "1"]

1. Nf3 Nf6 2. g3 g6 3. Bg2 Bg7 4. O-O O-O 5. d3 d5 6. Nbd2 c5 7. e4 Nc6 8. exd5 Nxd5 9. Nc4 b6 10. a4 h6 ({RR} 10... Ba6 11. c3 Qd7 12. Re1 Rad8 13. a5 b5 14. Ne3 Bb7 15. Nxd5 Qxd5 16. Ng5 Qf5 17. Ne4 Ne5 18. Nxc5 Nf3+ 19. Kh1 Qh5 20. h4 Nxe1 21. Qxh5 Bxg2+ 22. Kh2 gxh5 23. Bg5 Nxd3 {0-1 (23) Maltsevskaya,A (2371)-Robson,R (2689) chess.com INT 2025}) 11. c3 Bb7 12. Re1 $146 ({RR} 12. a5 Rc8 13. axb6 axb6 14. Qb3 Re8 15. Nfd2 e6 16. Re1 f5 17. Bxd5 exd5 18. Rxe8+ Qxe8 19. Nd6 Qe1+ 20. Nf1 Na5 21. Rxa5 bxa5 22. Qxb7 Rd8 23. Bxh6 Bxh6 24. Qf7+ Kh8 25. Qf6+ Kh7 26. Qxd8 {1-0 (26) Maltsevskaya,A (2376)-Toth,C (2354) chess.com INT 2025}) 12... Rc8 13. Qb3 Ba8 14. a5 Rb8 15. axb6 axb6 16. Nh4 b5 17. Rxa8 Rxa8 18. Qxb5 e6 19. Qxc6 Ra1 20. Bd2 Rxe1+ 21. Bxe1 Ne7 22. Qe4 Qd7 23. Nf3 Rd8 24. Nfe5 Qc7 25. h4 Nf5 26. Nc6 Rd5 27. N6a5 Kh7 28. Qe2 Qd8 29. Nc6 Qc7 30. Bxd5 exd5 31. N4a5 Bf6 32. b4 Qb6 33. bxc5 Qxc5 34. d4 Qa3 35. Kg2 Nd6 36. Qf3 Ne4 37. c4 Qc1 38. Qe2 Nd6 39. cxd5 Nf5 40. Qd2 Qa3 41. Qc3 Qd6 42. Qc5 Qd7 43. Ne5 Qe8 44. Qc6 Bxe5 45. Qxe8 1-0